Les pays d'origine des résidents en Espagne - Statistiques

Statistiques générales
  • Ce quiz a été pris 230 fois
  • Le résultat moyen est 8 sur 14
Statistiques - réponses
Rang Pays d'origine Population arrondie % Correct
1 Maroc 747 900
97%
12 France 95 700
95%
13 Portugal 87 800
94%
5 Italie 189 000
87%
3 Royaume-Uni 236 700
81%
9 Allemagne 110 400
77%
4 Chine 207 600
63%
6 Colombie 145 100
58%
2 Roumanie 684 532
41%
11 Bolivie 102 200
35%
10 Ukraine 102 800
35%
7 Equateur 141 600
30%
14 Pakistan 80 000
29%
8 Bulgarie 127 000
25%
Aucun quiz correspondant
Distribution des résultats
% des personnes avec chaque résultat
Percentile par nombre de réponses
Votre historique - résultats
Vous n’avez pas pris ce quiz